000
00322nam a2200133Ia 4500
008
231129s1984||||xx |||||||||||||| ||spa||
040
_b
spa
082
_a
320.52 B562p
100
_a
Betancur Belisario
245
0
_a
Prensa libre amparo democratico
260
_c
1984
264
_a
Imprenta Nacional
942
_2
ddc
_c
BKS
999
_c
23143
_d
23143